Statistics for 2019-2020 New York Jets Current Roster

Click here to take the quiz!

General Stats

  • This quiz has been taken 168 times
  • The average score is 13 of 38

Answer Stats

HintAnswer% Correct
QBSam Darnold
99%
RBLe'Veon Bell
80%
DTQuinnen Williams
72%
SSJamal Adams
69%
DELeonard Williams
69%
WRRobby Anderson
67%
DEHenry Anderson
63%
WRJamison Crowder
58%
CoachAdam Gase
57%
LBCJ Mosley
55%
FSMarcus Maye
54%
RBBilal Powell
50%
CBTrumaine Johnson
49%
TEChris Herndon
48%
QBTrevor Siemian
46%
WRQuincey Enunwa
34%
RBTy Montgomery
30%
LBAvery Williamson
27%
CBDarryl Roberts
27%
PLachlan Edwards
26%
OLBrian Winters
24%
CBBrian Poole
23%
LBJordan Jenkins
22%
TEDaniel Brown
20%
OLKelechi Osemele
19%
OLKelvin Beachum
19%
DTSteve McLendon
18%
OLBrandon Shell
17%
OLJonotthan Harrison
17%
LSThomas Hennessy
15%
CBArthur Maulet
11%
QBDavis Webb
11%
TEEric Tomlinson
11%
LBBrandon Copeland
10%
WRJoshua Bellamy
6%
KRQuadree Henderson
5%
WRCharone Peake
2%
KChandler Cantanzaro
1%

Score Distribution

Percentile by Number Answered

Percent of People with Each Score

Your Score History

You have not taken this quiz